Sports Quiz

Random Sports or NFL Quiz
Score 0/100 Timer 08:00
0 Plays Today
Team Player % Correct
GiantsEli Manning
100%
SaintsArchie Manning
100%
CowboysTony Romo
99%
RedskinsDonovan McNabb
98.4%
EaglesDonovan McNabb
98.4%
VikingsBrett Favre
98.4%
PackersBrett Favre
98.4%
CowboysTroy Aikman
98.1%
PackersAaron Rodgers
98.1%
SaintsDrew Brees
97.8%
49ersJoe Montana
97.4%
49ersSteve Young
97.1%
RamsKurt Warner
96.8%
CardinalsKurt Warner
96.8%
GiantsPhil Simms
96.2%
CowboysRoger Staubach
96.2%
FalconsMatt Ryan
95.5%
SeahawksMatt Hasselbeck
95.5%
RedskinsJoe Theismann
94.9%
LionsMatthew Stafford
94.9%
BearsJay Cutler
94.6%
PanthersJake Delhomme
94.2%
VikingsDaunte Culpepper
93%
GiantsFran Tarkenton
92.7%
EaglesMichael Vick
92.7%
VikingsFran Tarkenton
92.7%
RedskinsBrad Johnson
92.3%
VikingsBrad Johnson
92.3%
BuccaneersBrad Johnson
92.3%
PanthersCam Newton
92.3%
CardinalsCharley Johnson
92.3%
BuccaneersDoug Williams
91.1%
EaglesRandall Cunningham
90.7%
VikingsRandall Cunningham
90.7%
Team Player % Correct
49ersJeff Garcia
89.5%
EaglesRon Jaworski
88.8%
GiantsKerry Collins
88.5%
CowboysDanny White
88.5%
49ersAlex Smith
87.2%
SeahawksDave Krieg
86.9%
CardinalsDave Krieg
86.9%
RamsMarc Bulger
86.6%
BuccaneersJosh Freeman
86.3%
SaintsAaron Brooks
85.3%
SaintsJim Everett
84.3%
RamsJim Everett
84.3%
RedskinsMark Rypien
83.7%
FalconsChris Chandler
83.1%
RedskinsRex Grossman
82.1%
BearsRex Grossman
82.1%
RedskinsSonny Jurgensen
81.8%
EaglesSonny Jurgensen
81.8%
GiantsY.A. Tittle
81.5%
LionsJon Kitna
80.8%
SeahawksJon Kitna
80.8%
CowboysVinny Testaverde
80.5%
BuccaneersVinny Testaverde
80.5%
SeahawksJim Zorn
79.9%
VikingsTommy Kramer
78.9%
BearsErik Kramer
78.9%
FalconsSteve Bartkowski
78.9%
RedskinsJason Campbell
77%
PackersDon Majkowski
75.7%
CardinalsNeil Lomax
75.7%
RamsSam Bradford
75.4%
CardinalsJim Hart
75.1%
FalconsChris Miller
74.8%
CowboysQuincy Carter
74.1%
Team Player % Correct
LionsScott Mitchell
74.1%
CowboysDrew Bledsoe
73.5%
PanthersSteve Beuerlein
73.5%
CardinalsSteve Beuerlein
73.5%
VikingsWarren Moon
73.2%
SeahawksWarren Moon
73.2%
FalconsBobby Hebert
71.6%
SaintsBobby Hebert
71.6%
PackersLynn Dickey
69.3%
CardinalsJake Plummer
66.1%
49ersJohn Brodie
63.9%
SeahawksTarvaris Jackson
62.6%
FalconsJeff George
61.3%
BearsJim Harbaugh
60.4%
LionsJoey Harrington
59.4%
EaglesRoman Gabriel
59.1%
RedskinsGus Frerotte
55.9%
RedskinsTrent Green
55.6%
BuccaneersSteve DeBerg
55.3%
49ersSteve DeBerg
55.3%
RedskinsJay Schroeder
52.7%
RedskinsMark Brunell
51.4%
RamsVince Ferragamo
48.2%
RedskinsNorm Snead
44.4%
EaglesNorm Snead
44.4%
LionsGary Danielson
40.6%
RamsTony Banks
34.8%
PackersRandy Wright
32.9%
BearsBilly Wade
26.8%
CowboysSteve Pelluer
22.7%
CardinalsTimm Rosenbach
20.1%
BuccaneersCraig Erickson
19.8%

You're not logged in!

Compare scores with friends on all Sporcle quizzes.
OR
Log In

Sporcle TV

Today on Sporcle TV


Watch our educational content, quiz creation guides, and fun videos on Sporcle TV.

Show Comments

Extras

Top Quizzes Today


Score Distribution

Paid Content

Your Account Isn't Verified!

In order to create a playlist on Sporcle, you need to verify the email address you used during registration. Go to your Sporcle Settings to finish the process.

Report this User

Report this user for behavior that violates our Community Guidelines.

Details: